Statistics for NRL TEAMS QUIZ

Click here to take the quiz!

General Stats

  • This quiz has been taken 480 times
  • The average score is 9 of 16

Answer Stats

HintAnswer% Correct
Cronulla Sutherland ______Sharks
81%
South Sydney _________Rabbitohs
78%
Penrith ________Panthers
72%
Sydney ________Roosters
69%
Gold Coast ______Titans
66%
New Zealand ________Warriors
66%
St George Iliwarra _______Dragons
63%
Brisbane _______Broncos
60%
Parramatta ____Eels
59%
Canberra _______Raiders
47%
Newcastle _______Knights
43%
Melbourne _____Storm
35%
North Queensland _______Cowboys
34%
Canterbury-Bankstown ________Bulldogs
33%
Wests ______Tigers
30%
Manly Warringah _________Sea Eagles
15%

Score Distribution

Percentile by Number Answered

Percent of People with Each Score

Your Score History

You have not taken this quiz